000 00588nam a2200241Ia 4500
003 OSt
005 20140313144407.0
008 140130s9999 xx 000 0 und d
020 _a0590430955
050 _aPZ 7
_b.B7633Cnw 1990
100 _aBridwell, Norman.
245 _cNorman Bridwell.
_aClifford's word book /
260 _bScholastic INc.,
_cc1990.
_aUSA :
300 _a30 p. :
_bcol. ill. ;
_c23 cm.
440 _v1
521 _aG1
526 _c290
650 _aDogs
_xFiction.
650 _a Vocabulary.
942 _cBK
_2lcc
999 _c40105
_d40105